House of Cards Cast Photo Quiz Stats

Quiz Updated Feb 27, 2015

Also try: HIMYM Cast Photo
Challenge
Share
Tweet
Score 0/16 Timer 03:00
0 Plays Today
% Correct
Francis Underwood
79.4%
Claire Underwood
67.9%
Kevin Spacey
63.3%
Zoe Barnes
59.1%
Doug Stamper
57.8%
Peter Russo
53.6%
Robin Wright
48%
Kate Mara
45.5%
% Correct
Linda Vasquez
30%
Christina Gallagher
25.7%
Janine Skorsky
20.8%
Michael Kelly
15.6%
Corey Stoll
15.2%
Constance Zimmer
10%
Kristen Connolly
7.6%
Sakina Jaffrey
7.2%

You're not logged in!

Compare scores with friends on all Sporcle quizzes.
Sign Up with Email
OR
Log In

You Might Also Like...

Show Comments

Extras

Top Quizzes Today


Score Distribution

Your Account Isn't Verified!

In order to create a playlist on Sporcle, you need to verify the email address you used during registration. Go to your Sporcle Settings to finish the process.